| 000 | 00000nam 2200000za 4500 |
| 001 | 9.807352 |
| 003 | CaOODSP |
| 005 | 20221107140124 |
| 007 | cr ||||||||||| |
| 008 | 160808s2015 onc o f000 0 eng d |
| 020 | |a978-0-660-03980-0 |
| 040 | |aCaOODSP|beng |
| 043 | |an-cn--- |
| 086 | 1 |aH22-4/9-1-2015E-PDF |
| 110 | 1 |aCanada. |bHealth Canada. |
| 245 | 10|aUnleashing innovation |h[electronic resource] : |bexcellent healthcare for Canada : executive summary. |
| 246 | 17|aReport of the Advisory Panel on Healthcare Innovation |
| 260 | |a[Ottawa] : |bHealth Canada, |c[2015] |
| 300 | |a8 p. |
| 500 | |aIssued also in French under title: Libre cours à l’innovation : soins de santé excellents pour le Canada : résumé. |
| 530 | |aIssued also in printed form. |
| 692 | 07|2gccst|aHealth policy |
| 692 | 07|2gccst|aHealth care system |
| 692 | 07|2gccst|aHealth care quality |
| 775 | 08|tLibre cours à l'innovation |w(CaOODSP)9.807359 |
| 776 | 0#|tUnleashing innovation |w(CaOODSP)9.806415 |
| 856 | 40|qPDF|s972 KB|uhttps://publications.gc.ca/collections/collection_2016/sc-hc/H22-4-9-1-2015-eng.pdf |